00290nam a22001097a 4500020001800000082001700018100002200035100001100057245008000068260002400148300000800172 a9781420076011 a664.807bTOM aTomas-barberan FA aGIL MA aImproving the health-promoting properties of fruits and vegetables products aNew yorkbCRCc2008 a560